Effective small group communication in theory and practice / (Record no. 11453)

MARC details
000 -LEADER
fixed length control field 01035cam a2200277 a 4500
001 - CONTROL NUMBER
control field 2157544
003 - CONTROL NUMBER IDENTIFIER
control field OSt
005 - DATE AND TIME OF LATEST TRANSACTION
control field 20211011143116.0
008 - FIXED-LENGTH DATA ELEMENTS--GENERAL INFORMATION
fixed length control field 990317s2000 maua b 001 0 eng
010 ## - LIBRARY OF CONGRESS CONTROL NUMBER
LC control number 99026149
020 ## - INTERNATIONAL STANDARD BOOK NUMBER
International Standard Book Number 0205282016
040 ## - CATALOGING SOURCE
Original cataloging agency DLC
Transcribing agency hu
Modifying agency DLC
050 00 - LIBRARY OF CONGRESS CALL NUMBER
Classification number HM736
Item number .R45 2000
082 00 - DEWEY DECIMAL CLASSIFICATION NUMBER
Classification number 302.3/4
Edition number 21
100 1# - MAIN ENTRY--PERSONAL NAME
Personal name Renz, Mary Ann.
9 (RLIN) 12364
245 10 - TITLE STATEMENT
Title Effective small group communication in theory and practice /
Statement of responsibility, etc. Mary Ann Renz, John B. Greg.
260 ## - PUBLICATION, DISTRIBUTION, ETC.
Place of publication, distribution, etc. Boston, Mass. :
Name of publisher, distributor, etc. Allyn and Bacon,
Date of publication, distribution, etc. 2000.
300 ## - PHYSICAL DESCRIPTION
Extent xix, 342 p. :
Other physical details ill. ;
Dimensions 24 cm.
504 ## - BIBLIOGRAPHY, ETC. NOTE
Bibliography, etc. note Includes bibliographical references and index.
650 #0 - SUBJECT ADDED ENTRY--TOPICAL TERM
Topical term or geographic name entry element Small groups.
9 (RLIN) 12365
650 #0 - SUBJECT ADDED ENTRY--TOPICAL TERM
Topical term or geographic name entry element Communication in small groups.
9 (RLIN) 12366
700 1# - ADDED ENTRY--PERSONAL NAME
Personal name Greg, John B.,
Dates associated with a name 1940-
9 (RLIN) 12367
906 ## - LOCAL DATA ELEMENT F, LDF (RLIN)
a 7
b cbc
c orignew
d 1
e ocip
f 19
g y-gencatlg
942 ## - ADDED ENTRY ELEMENTS (KOHA)
Source of classification or shelving scheme Dewey Decimal Classification
Koha item type Books like text book referance book
Suppress in OPAC No
Holdings
Withdrawn status Lost status Source of classification or shelving scheme Damaged status Not for loan Home library Current library Shelving location Date acquired Total Checkouts Full call number Barcode Date last seen Copy number Price effective from Koha item type
    Dewey Decimal Classification     Social Library Social Library General Stacks 10/11/2021   302.3/ren SHLIB00001869 10/11/2021 1 10/11/2021 Books like text book referance book
    Dewey Decimal Classification     Social Library Social Library General Stacks 10/11/2021   302.3/ren SHLIB00001870 10/11/2021 1 10/11/2021 Books like text book referance book
    Dewey Decimal Classification     Social Library Social Library General Stacks 10/11/2021   302.3/ren SHLIB00001871 10/11/2021 2 10/11/2021 Books like text book referance book
    Dewey Decimal Classification     Social Library Social Library General Stacks 10/11/2021   302.3/ren SHLIB00001872 10/11/2021 3 10/11/2021 Books like text book referance book
    Dewey Decimal Classification     Social Library Social Library General Stacks 10/11/2021   302.3/ren SHLIB00001873 10/11/2021 4 10/11/2021 Books like text book referance book
    Dewey Decimal Classification     Social Library Social Library General Stacks 10/11/2021   302.3/ren SHLIB00001874 10/11/2021 5 10/11/2021 Books like text book referance book
    Dewey Decimal Classification     Social Library Social Library General Stacks 10/11/2021   302.3/ren SHLIB00001875 10/11/2021 6 10/11/2021 Books like text book referance book
    Dewey Decimal Classification     Social Library Social Library Fiction 10/11/2021   302.3/ren SHLIB00001876 10/11/2021 7 10/11/2021 Books like text book referance book
    Dewey Decimal Classification     Social Library Social Library General Stacks 10/11/2021   302.3/ren SHLIB00001877 10/11/2021 8 10/11/2021 Books like text book referance book